Southville International School and Colleges
Your cart is empty.
  • Cart
  • Lists
    Public lists Eva Luna New books Lux_list list_1
    Your lists Log in to create your own lists
  • Log in to your account
  • Your cookies
  • Search history
Southville International School and Colleges
  • Advanced search
  • Recent comments
  • Most popular
  • Libraries

Log in to your account

Log in with GOOGLE


If you do not have an external account, but do have a local account, you can still log in:

  1. Home
  2. MARC view: 101 principles for positive guidance with young children :
Normal view MARC view ISBD view

101 principles for positive guidance with young children : (Record no. 276913)

[ view plain ]
MARC details
000 -LEADER
fixed length control field 01312cam a2200289 i 4500
001 - CONTROL NUMBER
control field SSB061543
005 - DATE AND TIME OF LATEST TRANSACTION
control field 20141210154011.0
008 - FIXED-LENGTH DATA ELEMENTS--GENERAL INFORMATION
fixed length control field 120319s2013 mau 000 0 eng
010 ## - LIBRARY OF CONGRESS CONTROL NUMBER
LC control number 2012008791
020 ## - INTERNATIONAL STANDARD BOOK NUMBER
International Standard Book Number 9780132658218
040 ## - CATALOGING SOURCE
Original cataloging agency DLC
Language of cataloging eng
Transcribing agency DLC
Description conventions rda
Modifying agency DLC
042 ## - AUTHENTICATION CODE
Authentication code pcc
043 ## - GEOGRAPHIC AREA CODE
Geographic area code n-us---
050 00 - LIBRARY OF CONGRESS CALL NUMBER
Classification number LB 1139.25
Item number .K47 2013
100 1# - MAIN ENTRY--PERSONAL NAME
Personal name Kersey, Katharine C.,
Dates associated with a name 1935-
245 10 - TITLE STATEMENT
Title 101 principles for positive guidance with young children :
Remainder of title creating responsive teachers /
Statement of responsibility, etc Katharine C. Kersey, Marie L. Masterson.
260 ## - PUBLICATION, DISTRIBUTION, ETC. (IMPRINT)
Place of publication, distribution, etc Boston :
Name of publisher, distributor, etc Pearson,
Date of publication, distribution, etc 2013.
300 ## - PHYSICAL DESCRIPTION
Extent xx, 313 p. :
Other physical details ill. ;
Dimensions 28 cm.
440 0# - SERIES STATEMENT/ADDED ENTRY--TITLE
Title Pearson professional development.
505 0# - FORMATTED CONTENTS NOTE
Formatted contents note Building a caring community -- Guiding behavior -- Showing respect -- Giving nurturance -- Fostering independence -- Building resilience -- Preventing misbehavior -- Creating solutions to common behavior challenges -- Collaborating with families -- Creating positive change.
650 #0 - SUBJECT ADDED ENTRY--TOPICAL TERM
Topical term or geographic name as entry element Early childhood education
Geographic subdivision United States.
650 #0 - SUBJECT ADDED ENTRY--TOPICAL TERM
Topical term or geographic name as entry element Effective teaching
Geographic subdivision United States.
700 1# - ADDED ENTRY--PERSONAL NAME
Personal name Masterson, Marie L.
740 3# - ADDED ENTRY--UNCONTROLLED RELATED/ANALYTICAL TITLE
Uncontrolled related/analytical title One hundred one principles for positive guidance with young children.
740 3# - ADDED ENTRY--UNCONTROLLED RELATED/ANALYTICAL TITLE
Uncontrolled related/analytical title One hundred and one principles for positive guidance with young children.
942 ## - ADDED ENTRY ELEMENTS (KOHA)
Source of classification or shelving scheme Library of Congress Classification
Koha item type Books
Call number prefix Foreign
Holdings
Withdrawn status Lost status Source of classification or shelving scheme Damaged status Home library Current library Shelving location Date acquired Source of acquisition Total Checkouts Full call number Barcode Date last seen Price effective from Koha item type
    Library of Congress Classification   College Library College Library Reserve Section 12/10/2014 Library Fund   LB 1139.25 .K47 2013 C19020 05/15/2018 12/10/2014 Books

101 principles for positive guidance with young children :

APA

Kersey K. C., Masterson M. L., . (2013). 101 principles for positive guidance with young children. Boston: Pearson.

Chicago

Kersey Katharine C, Masterson Marie L, . 2013. 101 principles for positive guidance with young children. Boston: Pearson.

Harvard

Kersey K. C., Masterson M. L., . (2013). 101 principles for positive guidance with young children. Boston: Pearson.

MLA

Kersey Katharine C, Masterson Marie L, . 101 principles for positive guidance with young children. Boston: Pearson. 2013.

  • Place hold
  • Print
  • Cite
  • Add to your cart (remove)
  • Save record
    BIBTEX Dublin Core MARCXML MARC (non-Unicode/MARC-8) MARC (Unicode/UTF-8) MARC (Unicode/UTF-8, Standard) MODS (XML) RIS
  • More searches
    Search for this title in:
    Other Libraries (WorldCat) Other Databases (Google Scholar) Online Stores (Bookfinder.com) Open Library (openlibrary.org)

Exporting to Dublin Core...

SOUTHVILLE LIBRARY

Southville International School and Colleges Library

1281 Tropical Ave. Cor. Luxembourg St., BF Homes International, Las Pinas City

Tel. No. 8256374 / 252358 Loc. 117/146

Powered by Koha